The Board of Trustees of the Tate Gallery v Duffy Construction Ltd and another (Record no. 78867)

MARC details
000 -LEADER
fixed length control field 02098cad a22002055a 4500
001 - CONTROL NUMBER
control field L138431
008 - FIXED-LENGTH DATA ELEMENTS--GENERAL INFORMATION
fixed length control field 070606e20070215xxk f w 000 0 eng d
035 ## - SYSTEM CONTROL NUMBER
System control number (Sirsi) u138431
041 0# - LANGUAGE CODE
Language code of text/sound track or separate title eng
245 04 - TITLE STATEMENT
Title The Board of Trustees of the Tate Gallery v Duffy Construction Ltd and another
Medium [electronic resource]
260 ## - PUBLICATION, DISTRIBUTION, ETC.
Date of publication, distribution, etc. 2007
520 ## - SUMMARY, ETC.
Summary, etc. [2007] EWHC 361 (TCC), 15 February 2007. Concerned a claim brought by T against defendant contractor (D) for breach of contract and negligence with regards to water damage, and addressed the issues of when does a pipe burst and is what results automatically a flood. D was contracted to carry out hard landscaping works involved in an upgrade of the gallery, and was instructed to repair a damaged water main supplying the site. D's repairs, which involved reconnecting a pipe using a coupling and a valve, later failed and water escaped. The contract between the parties required T to insure the works against loss or damage caused by the specified perils as defined by T's insurance policy. It also required D to comply with the conditions in T's insurance policy. T contended that the damage was not caused by 'bursting or overflowing of water tanks, apparatus or pipes' or by a 'flood' for the purposes of the JCT standard form of building contract (1980 edition). "Held": two pipes joined by a coupling collectively constituted a pipe, and on the facts presented there had been a bursting for the purposes of the contract. In addition, given the large volume of water involved, the way it had entered the building and other key factors, there had been a flood for the purposes of the contract.
590 ## - LOCAL NOTE (RLIN)
Local note KA
650 24 - SUBJECT ADDED ENTRY--TOPICAL TERM
Topical term or geographic name entry element TATE GALLERY TRUSTEES V DUFFY CONSTRUCTION LTD AND ANOTHER
650 24 - SUBJECT ADDED ENTRY--TOPICAL TERM
Topical term or geographic name entry element JCT STANDARD FORM OF BUILDING CONTRACT (1980 EDITION)
651 #4 - SUBJECT ADDED ENTRY--GEOGRAPHIC NAME
Geographic name England and Wales
Chronological subdivision 1543-
690 ## - LOCAL SUBJECT ADDED ENTRY--TOPICAL TERM (OCLC, RLIN)
Topical term or geographic name as entry element BUILT ENVIRONMENT-CONSTRUCTION MANAGEMENT-BUILDING CONTRACT ADMINISTRATION
856 40 - ELECTRONIC LOCATION AND ACCESS
Uniform Resource Identifier <a href="https://www.bailii.org/cgi-bin/markup.cgi?doc=/ew/cases/EWHC/TCC/2007/361.html">https://www.bailii.org/cgi-bin/markup.cgi?doc=/ew/cases/EWHC/TCC/2007/361.html</a>
Public note View the judgment free of charge at www.bailii.org...
942 ## - ADDED ENTRY ELEMENTS (KOHA)
Suppress in OPAC 0
Holdings
Withdrawn status Lost status Source of classification or shelving scheme Damaged status Not for loan Home library Current library Shelving location Date acquired Total Checkouts Full call number Barcode Date last seen Copy number Price effective from Koha item type
    Dewey Decimal Classification     Virtual Virtual Online 06/06/2007   ONLINE PUBLICATION 138431-2001 06/08/2019 1 06/08/2019 Law report